Britain at play / (Record no. 123257)

MARC details
000 -LEADER
fixed length control field 00693nam a22002297a 4500
005 - DATE AND TIME OF LATEST TRANSACTION
control field 20170124105922.0
010 ## - LIBRARY OF CONGRESS CONTROL NUMBER
LC control number A-446934
020 ## - INTERNATIONAL STANDARD BOOK NUMBER
Terms of availability 00.00
International Standard Book Number 0860511928
035 ## - SYSTEM CONTROL NUMBER
System control number A-446934
037 ## - SOURCE OF ACQUISITION
Source of stock number/acquisition Cen Lib/Ret
040 ## - CATALOGING SOURCE
Original cataloging agency DPL
Language of cataloging EN
082 ## - DEWEY DECIMAL CLASSIFICATION NUMBER
Classification number 380.480941
Item number PUR
100 ## - MAIN ENTRY--PERSONAL NAME
Personal name Purves, Libby
9 (RLIN) 5058
245 ## - TITLE STATEMENT
Title Britain at play /
Statement of responsibility, etc by Libby Purves; illustrated by Mac
260 ## - PUBLICATION, DISTRIBUTION, ETC. (IMPRINT)
Place of publication, distribution, etc Great Britain
Name of publisher, distributor, etc Robson books
Date of publication, distribution, etc 1982
270 ## - ADDRESS
City Great Britain
Address 5-6 clipston street
300 ## - PHYSICAL DESCRIPTION
Extent 160p.
Dimensions 21cm(Hb)
650 ## - SUBJECT ADDED ENTRY--TOPICAL TERM
Topical term or geographic name as entry element Recreation -- Great Britain -- Anecdotes
9 (RLIN) 72498
650 ## - SUBJECT ADDED ENTRY--TOPICAL TERM
Topical term or geographic name as entry element Leisure activities
9 (RLIN) 72499
700 ## - ADDED ENTRY--PERSONAL NAME
Personal name Mac
9 (RLIN) 57923
942 ## - ADDED ENTRY ELEMENTS (KOHA)
Source of classification or shelving scheme Dewey Decimal Classification
Koha item type English Books
Classification part 380.480941
Call number suffix PUR
Holdings
Withdrawn status Lost status Damaged status Not for loan Home library Current library Date acquired Source of acquisition Cost, normal purchase price Total Checkouts Full call number Barcode Date last seen Copy number Cost, replacement price Price effective from Koha item type Public note
Written off       Central Library Central Library 04/06/2015 Cen Lib/Ret 0.00   380.480941 PUR A-446934 04/06/2015 1 0.00 04/06/2015 English Books Written off on approval by DLB (By Circulation); dtd 15-06-2023

© Delhi Public Library
Hit Counter
free hit counter